000 00528nam a2200145Ia 4500
041 _aArabic
082 _a345 cut-269 ق
100 _a20260118u\\\\\\\\\\\y0engy0103\\\\ba
100 _aد.محمد محمد مصباح القاضي
245 0 _aالحماية الجنائية للمستهلك دراسة مقارنة وتطبيقاتها في المملكة العربية السعودية
250 _aط1
260 _bدار النهضة العربية
_aالقاهرة - مصر
_c2008
300 _a284
942 _cBk
999 _c188221
_d188221